000 00299nam a22001337a 4500
008 170130b xxu||||| |||| 00| 0 eng d
020 _a9780827369696
041 _aeng
080 _a61
100 _a3
101 _aSHMI
245 _aESSENTIALS OF HEALTH SERVICES
_cWILLIAMS, S.J
942 _2udc
_cBK
999 _c4023
_d4023